Online
Catalog

El lugar de Sender : (Record no. 6099)

MARC details
000 -CABECERA
campo de control de longitud fija 01397cam a2200301 a 4500
001 - NÚMERO DE CONTROL
campo de control 000006304
003 - IDENTIFICADOR DEL NÚMERO DE CONTROL
campo de control DO-SdBNP
005 - FECHA Y HORA DE LA ÚLTIMA TRANSACCIÓN
campo de control 20250602101612.0
008 - DATOS DE LONGITUD FIJA--INFORMACIÓN GENERAL
campo de control de longitud fija 970603s1997 sp 100 0dspa d
020 ## - NÚMERO INTERNACIONAL ESTÁNDAR DEL LIBRO
Número Internacional Estándar del Libro 8481270547
040 ## - FUENTE DE LA CATALOGACIÓN
Centro catalogador/agencia de origen DO-SdBNP
Centro/agencia transcriptor DLC
082 #4 - NÚMERO DE LA CLASIFICACIÓN DECIMAL DEWEY
Número de clasificación 860.9
Número de documento/Ítem A188L
Número de edición 22
111 2# - ENTRADA PRINCIPAL--NOMBRE DE CONGRESO/REUNIÓN
Nombre de congreso/reunión o jurisdicción como elemento de entrada Congreso sobre Ramón J. Sender
Número del congreso/reunión o número de parte o sección (1:
Fecha del congreso/reunión 1995 :
Sede del congreso/Lugar de la reunión Huesca, España)
9 (RLIN) 17590
245 13 - MENCIÓN DE TÍTULO
Título El lugar de Sender :
Resto del título Actas del I Congreso sobre Ramón J. Sender: Huesca, 3-7 de abril de 1995 /
Mención de responsabilidad, etc. editadas por Juan Carlos Ara Torralba y Fermín Gil Encabo.
260 ## - PUBLICACIÓN, DISTRIBUCIÓN, ETC.
Lugar de publicación, distribución, etc. Huesca, España :
Nombre del editor, distribuidor, etc. Instituto de Estudios Altoaragoneses. Diputación de Huesca ;
Lugar de publicación, distribución, etc. Zaragoza :
Nombre del editor, distribuidor, etc. Institución Fernando el Católico. Diputación de Zaragoza,
Fecha de publicación, distribución, etc. 1997.
300 ## - DESCRIPCIÓN FÍSICA
Extensión 760 p. ;
Dimensiones 24 cm.
490 1# - MENCIÓN DE SERIE
Mención de serie Publicación de la Institución Fernando el Católico
Designación de volumen o secuencia 1811
504 ## - NOTA DE BIBLIOGRAFÍA, ETC.
Nota de bibliografía, etc. Incluye referencias bibliográficas.
600 10 - PUNTO DE ACCESO ADICIONAL DE MATERIA--NOMBRE DE PERSONA
Nombre de persona Sender, Ramón José,
Fechas asociadas al nombre 1901-1982
Subdivisión general Crítica e interpretación
Subdivisión de forma Congresos, conferencias, etc.
9 (RLIN) 17591
650 #4 - PUNTO DE ACCESO ADICIONAL DE MATERIA--TÉRMINO DE MATERIA
Término de materia o nombre geográfico como elemento de entrada Literatura española
Subdivisión general Crítica e interpretación
9 (RLIN) 4054
700 1# - PUNTO DE ACCESO ADICIONAL--NOMBRE DE PERSONA
Nombre de persona Ara Torralba, Juan Carlos,
Fechas asociadas al nombre 1966-
Término indicativo de función/relación ed.
9 (RLIN) 17592
700 1# - PUNTO DE ACCESO ADICIONAL--NOMBRE DE PERSONA
Nombre de persona Gil Encabo, Fermín.
9 (RLIN) 17593
710 2# - PUNTO DE ACCESO ADICIONAL--NOMBRE DE ENTIDAD CORPORATIVA
Nombre de entidad corporativa o nombre de jurisdicción como elemento de entrada Instituto de Estudios Altoaragones.
9 (RLIN) 17594
830 #0 - PUNTO DE ACCESO ADICIONAL DE SERIE-TÍTULO UNIFORME
Título uniforme Publicación de la Institución Fernando el Católico ;
Designación de volumen o secuencia 1811
9 (RLIN) 14666
910 ## - DATOS DE OPCIÓN DEL USUARIO (OCLC)
Datos de opción del usuario Catalogación por copia / LC
910 ## - DATOS DE OPCIÓN DEL USUARIO (OCLC)
Datos de opción del usuario WM
942 ## - ELEMENTOS DE PUNTO DE ACCESO ADICIONAL (KOHA)
Fuente del sistema de clasificación o colocación Dewey Decimal Classification
Tipo de ítem Koha Libro
Holdings
Estado de retiro Estado de pérdida Restricciones de uso No para préstamo Código de colección Localización permanente Ubicación/localización actual Ubicación en estantería Fecha de adquisición Número de inventario Total de préstamos Signatura topográfica completa Código de barras Fecha visto por última vez Precio válido a partir de Tipo de ítem Koha Número de copia
    Préstamo interno   Monografías: Libros y Folletos General General Depósito 27.08.2009 LF1   860.09 A188L 6304-10 25.06.2020 25.06.2020 Préstamo interno  
    Préstamo restringido Préstamo restrigido Monografías: Libros y Folletos General General Depósito 27.08.2009 LF1   860.09 A188L 6304-20 25.06.2020 25.06.2020 Préstamo interno e.2

Powered by Koha